000 00780nam a2200217 4500
008 020118s1994 miu engta
020 _a0801038723
090 _aBS2589
_bG82
100 1 _aGreen, Joel B.
245 1 0 _aLuke-Acts and New Testament historigraphy /
_cJoel B. Green and Michael C. McKeever.
260 _aMichigan :
_bBaker,
_cc1994.
300 _a148 p.
490 1 _aIBR bibliographies;
_v8
650 4 _aBible. N.T. Acts
_xAbstracts.
650 4 _aBible. N.T. Acts
_xHistoriography
_xAbstracts.
650 4 _aBible. N.T. Luke
_xAbstracts.
650 4 _aBible. N.T. Luke
_xHistoriography
_xAbstracts.
650 4 _aHistory (Theology)
_xBiblical teaching
_xAbstracts.
700 1 _aMcKeever, Michael C.
951 _p20207
_oBS2589/G82
_j070613111040265
_d2000-12-21
_cREF
999 _c5780
_d5780